000 00736nam a2200253Ia 4500
003 OSt
005 20220925215407.0
006 a|||||r|||| 00| 0
007 ta
008 220923b |||||||| |||| 00| 0 eng d
037 _cGeneral Book
040 _aRTL
_cRTL
_beng
041 _2eng
_aeng
082 _aV3,8.N7, L0
100 _aRyan W S
_9282089
245 0 _aIncreasing use of logical trees in the Civil servi
260 _aLondon
_bHMSO
_c1970
300 _a20p
_ccm.
490 _aCentre for Administrative Studies, Occasional Papers; 13
500 _aAppendix: P 11-20
650 _aConstitution Great Britain
_9231188
942 _hV3,8.N7, L0
_cGB
_2CC
999 _c568677
_d568677